书目信息 |
| 题名: |
玉器鉴定十八讲
|
|
| 作者: | 方辉 , 杨波 著 | |
| 分册: | ||
| 出版信息: | 沈阳 万卷出版公司 2005 |
|
| 页数: | 144页 | |
| 开本: | 24cm | |
| 丛书名: | ||
| 单 册: | ||
| 中图分类: | K876.84 | |
| 科图分类: | ||
| 主题词: | 古玉器--鉴定--中国 | |
| 电子资源: | ||
| ISBN: | 7-80601-662-7 | |
| 000 | 00897nam0 2200289 45 | |
| 001 | 0900000037615 | |
| 005 | 20051227090558.18 | |
| 010 | @a7-80601-662-7@dCNY80.00 | |
| 092 | @aCN | |
| 100 | @a20050714d2005 ekmy0chiy0120 ea | |
| 101 | 0 | @achi |
| 102 | @aCN@b210000 | |
| 102 | @aCN@b210000 | |
| 105 | @aa az 000yy | |
| 200 | 1 | @a玉器鉴定十八讲@9yu qi jian ding shi ba jiang@f方辉,杨波著@Ffang hui,yang bo zhu |
| 210 | @a沈阳@c万卷出版公司@d2005 | |
| 215 | @a144页@c图@d24cm | |
| 300 | @a玉器鉴定自学教程 | |
| 320 | @a有书目:第144页 | |
| 330 | @a本书以历史年代为线索,阐述了中国玉文化的发展历程,揭示了上自史前、下迄明清,历时近万年玉器演变的时代风格与区域特征等。 | |
| 606 | 0 | @a古玉器@x鉴定@y中国 |
| 690 | @aK876.84@v4 | |
| 701 | 0 | @a方辉@Afang hui@4著 |
| 701 | 0 | @a杨波@Ayang bo@4著 |
| 801 | 0 | @aCN@bCXYBOOK@c20051227 |
| 905 | @a10447@dK876.84@e171 | |
| 999 | @aYYW@eJDD | |
| 玉器鉴定十八讲/方辉,杨波著.-沈阳:万卷出版公司,2005 |
| 144页:图;24cm |
| 玉器鉴定自学教程 |
| ISBN 7-80601-662-7:CNY80.00 |
| 本书以历史年代为线索,阐述了中国玉文化的发展历程,揭示了上自史前、下迄明清,历时近万年玉器演变的时代风格与区域特征等。 |
| ● |
| 相关链接 |
|
|
|
|
正题名:玉器鉴定十八讲
索取号:K876.84/171
 
预约/预借
| 序号 | 登录号 | 条形码 | 馆藏地/架位号 | 状态 | 备注 |
| 1 | 0372733 | 203727333 | 第二样本阅览室/ [索取号:K876.84/171] | 在馆 |